[Event "Riazan-ch"]
[Site "Riazan"]
[Date "2009.03.??"]
[Round "?"]
[White "Laevsky, Evgeniy"]
[Black "Gorjachev, Aleksandr"]
[Result "1-0"]
[WhiteElo "2115"]
[BlackElo "2219"]
[PlyCount "101"]
[EventDate "2009.03.??"]
[EventType "swiss"]
[EventRounds "13"]
[EventCountry "RUS"]
[SourceTitle "EXT 2010"]
[Source "ChessBase"]
[SourceDate "2010.11.25"]
[SourceVersion "1"]
[SourceVersionDate "2010.11.25"]
[SourceQuality "1"]

1. e4 e5 2. Nf3 Nc6 3. Bb5 a6 4. Ba4 d6 5. c3 f5 6. exf5 Bxf5 7. 0-0 Bd3 8. Re1 Be7 9. Qb3 b5 10. Qd5 Qd7 11. Bb3 Bg6 12. d4 Nf6 13. Qe6 e4 14. Ng5 d5 15. Qxd7+ Kxd7 16. Bf4 h6 17. Nh3 Bf5 18. Be5 Bxh3 19. gxh3 Ke6 20. Bxf6 Bxf6 21. Rxe4+ Kd6 22. Re2 Rhe8 23. Rxe8 Rxe8 24. Kf1 Ne7 25. Nd2 Nf5 26. Re1 Rxe1+ 27. Kxe1 Ke6 28. f4 c6 29. Kf2 g5 30. fxg5 hxg5 31. Nf3 Nh4 32. Ng1 a5 33. Bd1 Nf5 34. Bg4 Bg7 35. Ne2 Kf6 36. Bxf5 Kxf5 37. Kf3 Bf6 38. Ng3+ Kg6 39. Kg4 Be7 40. Nf5 Bf6 41. b3 Bd8 42. a4 bxa4 43. bxa4 Bf6 44. h4 gxh4 45. Nxh4+ Kf7 46. Nf3 Kg7 47. h4 Kf7 48. h5 Kg7 49. Kf5 Kf7 50. h6 Bh8 51. Ne5+ 1-0

[Event "Riazan-ch"]
[Site "Riazan"]
[Date "2009.03.??"]
[Round "?"]
[White "Vasiliev, Vladimir P"]
[Black "Gorjachev, Aleksandr"]
[Result "1-0"]
[WhiteElo "2361"]
[BlackElo "2219"]
[PlyCount "63"]
[EventDate "2009.03.??"]
[EventType "swiss"]
[EventRounds "13"]
[EventCountry "RUS"]
[SourceTitle "EXT 2010"]
[Source "ChessBase"]
[SourceDate "2010.11.25"]
[SourceVersion "1"]
[SourceVersionDate "2010.11.25"]
[SourceQuality "1"]

1. d4 Nf6 2. Nf3 e6 3. e3 b6 4. Bd3 Bb7 5. 0-0 d5 6. c4 dxc4 7. Bxc4 Nbd7 8. Nc3 Bb4 9. a3 Bxc3 10. bxc3 0-0 11. a4 Ne4 12. Qb3 a5 13. Ba3 Re8 14. Rfd1 Ndf6 15. Bb5 c6 16. Bd3 Rb8 17. Qc2 Qd5 18. c4 Qf5 19. Ne5 c5 20. f3 Qg5 21. fxe4 Qxe3+ 22. Qf2 Qxf2+ 23. Kxf2 cxd4 24. Rac1 Ba8 25. c5 bxc5 26. Rxc5 Bxe4 27. Rxa5 Bxd3 28. Rxd3 Ne4+ 29. Kf3 f5 30. Rb5 Rxb5 31. axb5 Rb8 32. Rxd4 1-0